| 000 | 00535nam a2200145Ia 4500 | ||
|---|---|---|---|
| 008 | 250103s2023 xx 000 0 und d | ||
| 020 | _a978-3-031-36476-1 | ||
| 022 | _a2730-7980 | ||
| 041 | _aeng | ||
| 100 | _aAriel González Levaggi | ||
| 245 | _aGreat Power Competition in the Southern Oceans | ||
| 260 |
_bSpringer Nature Switzerland _c2023 |
||
| 440 | _vPalgrave Studies in Maritime Politics and Security | ||
| 856 |
_uhttps://link.springer.com/openurl?genre=book&isbn=978-3-031-36476-1 _zhttps://doi.org/10.1007/978-3-031-36476-1 |
||
| 999 |
_c12745 _d12745 |
||